Trevor Dannatt : (Record no. 607777)
[ view plain ]
| 000 -LEADER | |
|---|---|
| fixed length control field | 00571nam a22001937a 4500 |
| 003 - CONTROL NUMBER IDENTIFIER | |
| control field | OSt |
| 005 - DATE AND TIME OF LATEST TRANSACTION | |
| control field | 20240215125330.0 |
| 008 - FIXED-LENGTH DATA ELEMENTS--GENERAL INFORMATION | |
| fixed length control field | 170515t xxu||||| |||| 00| 0 eng d |
| 020 ## - INTERNATIONAL STANDARD BOOK NUMBER | |
| International Standard Book Number | 9781906155216 |
| 040 ## - CATALOGING SOURCE | |
| Transcribing agency | 0 |
| 082 ## - DEWEY DECIMAL CLASSIFICATION NUMBER | |
| Classification number | 720.9 |
| Author Mark | STO |
| 100 1# - MAIN ENTRY--PERSONAL NAME | |
| Personal name | Stonehouse, Roger |
| 9 (RLIN) | 120566 |
| 245 10 - TITLE STATEMENT | |
| Title | Trevor Dannatt : |
| Remainder of title | works and words/ |
| Statement of responsibility, etc. | Roger Stonehouse. |
| 260 ## - PUBLICATION, DISTRIBUTION, ETC. | |
| Place of publication, distribution, etc. | London; |
| Name of publisher, distributor, etc. | Black dog publishing, |
| Date of publication, distribution, etc. | 2008. |
| 300 ## - PHYSICAL DESCRIPTION | |
| Extent | 255p.: |
| Other physical details | ill; |
| Dimensions | 23 cm. |
| 651 ## - SUBJECT ADDED ENTRY--GEOGRAPHIC NAME | |
| Geographic name | Architecture, Modern |
| 9 (RLIN) | 120458 |
| 651 ## - SUBJECT ADDED ENTRY--GEOGRAPHIC NAME | |
| Geographic name | Architecture, British |
| 9 (RLIN) | 120567 |
| 942 ## - ADDED ENTRY ELEMENTS (KOHA) | |
| Source of classification or shelving scheme | |
| Koha item type | Book |
| Institution code [OBSOLETE] | SADA |
| Call number prefix | 720.9 STO 2008 |
| Withdrawn status | Lost status | Source of classification or shelving scheme | Damaged status | Not for loan | Permanent Location | Current Location | Date acquired | Total Checkouts | Full call number | Barcode | Date last seen | Cost, replacement price | Price effective from | Koha item type |
|---|---|---|---|---|---|---|---|---|---|---|---|---|---|---|
| School of Art Design and Architecture (SADA) | School of Art Design and Architecture (SADA) | 01/05/2017 | 720.9 STO 2008 | SADA0002698 | 02/15/2024 | 1477.49 | 02/15/2024 | Book |
